[Event "JUG Team Ch"]
[Site "Tivat"]
[Date "1995.??.??"]
[Round "5"]
[White "Damljanovic, Branko"]
[Black "Bjelajac, Milan"]
[Result "1/2-1/2"]
[WhiteElo "2575"]
[BlackElo "2380"]
[PlyCount "115"]
[EventDate "1995.??.??"]
[Source "www.chesslib.no"]
[SourceDate "2004.05.04"]

1. Nf3 f5 2. g3 Nf6 3. Bg2 g6 4. b3 Bg7 5. Bb2 O-O 6. O-O Nc6 7. d4 Ne4 8. Qc1 e6 9. c4 Qe7 10. Ne5 d6 11. Nxc6 bxc6 12. Nd2 Nxd2 13. Qxd2 Bd7 14. Qa5 Qd8 15. Rad1 g5 16. f4 gxf4 17. Rxf4 d5 18. Bc1 Bh6 19. Rf2 Bxc1 20. Rxc1 Rf7 21. cxd5 exd5 22. Rcf1 Qf6 23. Rf4 Qd6 24. Bh3 Re8 25. R1f2 Rfe7 26. Qd2 Qg6 27. Bf1 Bc8 28. R2f3 Re4 29. e3 Qe6 30. Kf2 Qh6 31. h4 Qd6 32. Qc1 Kg7 33. Bd3 h6 34. Kg2 Rxf4 35. Rxf4 Rf8 36. Kf2 Rf6 37. Qc5 a6 38. b4 Rf8 39. a3 Qxc5 40. dxc5 h5 41. Be2 Kg6 42. g4 hxg4 43. Bxg4 Bd7 44. Be2 Ra8 45. Rf3 a5 46. Rg3+ Kh7 47. Kf3 axb4 48. axb4 Ra2 49. Rg2 Rb2 50. Kf4 Rxb4+ 51. Kg5 Re4 52. Kf6 Re6+ 53. Kf7 Rxe3 54. Rg7+ Kh6 55. Rg6+ Kh7 56. Rg7+ Kh6 57. Rg6+ Kh7 58. Rg7+ 1/2-1/2

[Event "4th LGA Premium Cup"]
[Site "Nuernberg GER"]
[Date "2007.09.09"]
[Round "6"]
[White "Gutman, L."]
[Black "Peralta, Fe"]
[Result "1/2-1/2"]
[WhiteElo "2408"]
[BlackElo "2546"]
[PlyCount "78"]
[EventDate "2007.09.06"]
[Source "www.chesslib.no"]
[SourceDate "2004.05.04"]

1. Nf3 f5 2. g3 Nf6 3. Bg2 e6 4. O-O d5 5. d3 c6 6. Nc3 Bc5 7. Nd2 O-O 8. e4 e5 9. exd5 cxd5 10. Nb3 Be7 11. Bg5 Be6 12. Bxf6 Rxf6 13. Qf3 e4 14. dxe4 dxe4 15. Qe2 Nc6 16. Rad1 Qc7 17. Nd5 Bxd5 18. Rxd5 Rd8 19. Rxd8+ Qxd8 20. Qb5 Qd7 21. f3 exf3 22. Bxf3 Kh8 23. Bxc6 bxc6 24. Qb8+ Rf8 25. Qf4 Bd8 26. Kg2 Bb6 27. Qd2 Qe6 28. Qd3 h6 29. Qf3 Qc4 30. c3 Qe6 31. Kh1 Rd8 32. Kg2 Re8 33. Nc1 Rd8 34. Nb3 Rd5 35. h4 a5 36. Nd4 Bxd4 37. cxd4 Rxd4 38. Qxf5 Rd2+ 39. Kh3 Qxf5+ 1/2-1/2

[Event "Skei"]
[Site "Skei"]
[Date "1995.??.??"]
[Round "8"]
[White "Gausel, Einar"]
[Black "Kristensen, Bjarke"]
[Result "1-0"]
[WhiteElo "2490"]
[BlackElo "2455"]
[PlyCount "59"]
[EventDate "1995.??.??"]
[Source "www.chesslib.no"]
[SourceDate "2004.05.04"]

1. Nf3 f5 2. g3 Nf6 3. Bg2 g6 4. c4 Bg7 5. Nc3 d6 6. d3 O-O 7. O-O h6 8. e4 g5 9. exf5 Bxf5 10. h4 g4 11. Nd4 Bc8 12. Be3 e5 13. Nde2 c5 14. Nd5 Nc6 15. Nec3 Nd4 16. Nxf6+ Qxf6 17. Bxd4 cxd4 18. Nd5 Qd8 19. f3 gxf3 20. Rxf3 e4 21. Rxf8+ Qxf8 22. Qh5 Qf7 23. Qxf7+ Kxf7 24. Rf1+ Kg8 25. Bxe4 Bh3 26. Ne7+ Kh8 27. Rf7 Re8 28. Ng6+ Kg8 29. Bd5 Re1+ 30. Rf1+ 1-0

[Event "Mayors Cup Open"]
[Site "Mumbai IND"]
[Date "2008.05.14"]
[Round "5"]
[White "Krasenkow, M."]
[Black "Tiwari, Ar"]
[Result "1-0"]
[WhiteElo "2624"]
[BlackElo "2320"]
[PlyCount "79"]
[EventDate "2008.05.11"]
[Source "www.chesslib.no"]
[SourceDate "2004.05.04"]

1. Nf3 f5 2. d3 d5 3. d4 Nf6 4. Bf4 e6 5. e3 c6 6. c3 Bd6 7. Bd3 O-O 8. Nbd2 Qc7 9. Bxd6 Qxd6 10. Ne5 c5 11. f4 Nc6 12. Ndf3 c4 13. Bc2 Bd7 14. Rg1 Qe7 15. g4 Nxe5 16. Nxe5 g6 17. g5 Nh5 18. Qd2 a5 19. Bd1 Ng7 20. h4 Be8 21. b3 b5 22. bxc4 bxc4 23. Rb1 Bf7 24. Rg2 Qc7 25. Qc1 Rfb8 26. Rgb2 Ne8 27. Rxb8 Rxb8 28. Rxb8 Qxb8 29. Qa3 Nd6 30. Qxa5 Be8 31. a4 Qb2 32. Qb4 Qc1 33. Qxd6 Qxe3+ 34. Be2 Qc1+ 35. Kf2 Qxf4+ 36. Kg2 Qxh4 37. Qe7 Qe4+ 38. Bf3 Qc2+ 39. Kh3 Qxa4 40. Qxe6+ 1-0

[Event "Cappelle Open"]
[Site "Cappelle la Grande FRA"]
[Date "1994.??.??"]
[Round "7"]
[White "Ninov, Kiril"]
[Black "Murey, Jacob I"]
[Result "1/2-1/2"]
[WhiteElo "2415"]
[BlackElo "2525"]
[PlyCount "49"]
[EventDate "1994.02.??"]
[Source "www.chesslib.no"]
[SourceDate "2004.05.04"]

1. Nf3 f5 2. g3 b6 3. Bg2 Bb7 4. O-O Nf6 5. c4 g6 6. Nc3 Bg7 7. d4 O-O 8. d5 Na6 9. Be3 Nc5 10. b4 Nce4 11. Nxe4 Nxe4 12. Bd4 e6 13. Bxg7 Kxg7 14. dxe6 dxe6 15. Qc2 Qf6 16. Rad1 Rfd8 17. Nd2 Rxd2 18. Rxd2 Nxd2 19. Bxb7 Nxf1 20. Bxa8 Qa1 21. Kg2 Qe1 22. Qb2+ Kh6 23. Qf6 Ne3+ 24. fxe3 Qxe2+ 25. Kh3 1/2-1/2

[Event "Porz"]
[Site "Porz"]
[Date "1988.??.??"]
[Round "?"]
[White "Gutman, Lev"]
[Black "Ostermeyer, Peter"]
[Result "0-1"]
[WhiteElo "2490"]
[BlackElo "2450"]
[PlyCount "86"]
[EventDate "1988.12.??"]
[Source "ChessBase"]

1. Nf3 f5 2. g3 Nf6 3. Bg2 e6 4. O-O d5 5. d4 c6 6. Ne5 Bd6 7. Bf4 O-O 8. Nd2 Qe7 9. Ndf3 Bd7 10. Qc1 Be8 11. Nd3 Bh5 12. Re1 Nbd7 13. Nfe5 h6 14. a4 a5 15. Nxd7 Nxd7 16. Bxd6 Qxd6 17. Ra3 e5 18. Rb3 e4 19. Nf4 Bf7 20. h4 b5 21. Bh3 g5 22. hxg5 hxg5 23. axb5 gxf4 24. bxc6 Qxc6 25. Qxf4 Bg6 26. g4 fxg4 27. Qxg4 Rf7 28. Rc3 Qf6 29. f4 Rg7 30. Rg3 Qxd4+ 31. Kh1 Nf6 32. Qe6+ Bf7 33. Rxg7+ Kxg7 34. Qe7 Re8 35. Qc7 Qb4 36. Rg1+ Kf8 37. c3 Qb8 38. Qc5+ Re7 39. e3 Qa7 40. Qd6 Qxe3 41. Kh2 Qf2+ 42. Rg2 Qh4 43. Rg5 Ne8 0-1

[Event "Paris FRA"]
[Site "?"]
[Date "1996.??.??"]
[Round "2"]
[White "Velikov Petar"]
[Black "Murey Jacob"]
[Result "1/2-1/2"]
[WhiteElo "2445"]
[BlackElo "2495"]
[PlyCount "44"]
[EventDate "1996.??.??"]
[Source "www.chesslib.no"]
[SourceDate "2004.05.04"]

1. Nf3 f5 2. g3 b6 3. Bg2 Bb7 4. O-O Nf6 5. c4 g6 6. b3 Bg7 7. Bb2 O-O 8. Nc3 e6 9. d4 Ne4 10. Rc1 d6 11. d5 Nxc3 12. Bxc3 e5 13. e4 Bh6 14. Bd2 Bxd2 15. Qxd2 f4 16. Bh3 Nd7 17. Qe2 a5 18. Rc3 Nc5 19. a3 a4 20. b4 Nb3 21. Rd1 Qf6 22. Bg2 Bc8 1/2-1/2

[Event "RUS-Cup03 (Geller mem)"]
[Site "Moscow"]
[Date "1999.02.10"]
[Round "1"]
[White "Poluljahov, Aleksandr"]
[Black "Korobov, Ilya"]
[Result "1-0"]
[WhiteElo "2566"]
[BlackElo "2372"]
[PlyCount "81"]
[EventDate "1999.02.10"]
[Source "ChessBase"]
[SourceDate "1999.06.08"]

1. Nf3 f5 2. g3 Nf6 3. Bg2 g6 4. O-O Bg7 5. c4 d6 6. Nc3 O-O 7. d3 Nc6 8. Rb1 a5 9. a3 h6 10. b4 axb4 11. axb4 g5 12. b5 Ne5 13. Nxe5 dxe5 14. Bb2 f4 15. Ra1 Rb8 16. Ra7 fxg3 17. hxg3 Ng4 18. Nd5 Be6 19. Qd2 Rf7 20. Ne3 c6 21. Nxg4 Bxg4 22. Qe3 Qd6 23. Ba3 Qf6 24. bxc6 bxc6 25. Ra6 Rc8 26. Rb1 Bd7 27. Rb7 Be8 28. Ra5 e6 29. Rxf7 Bxf7 30. Bb2 Qd8 31. Ra6 Qd6 32. c5 Qb8 33. Rb6 Qa7 34. Bxe5 Bf8 35. Bd4 Bg7 36. Bxg7 Kxg7 37. Qe5+ Kg8 38. Rxc6 Rf8 39. Be4 Qa5 40. Kg2 Qe1 41. Rc7 1-0

[Event "Corr"]
[Site "?"]
[Date "1999.??.??"]
[Round "?"]
[White "Noomen Jeroen"]
[Black "Simmelink Joop Theo"]
[Result "1-0"]
[WhiteElo "2532"]
[BlackElo "2404"]
[PlyCount "37"]
[EventDate "1999.??.??"]
[Source "www.chesslib.no"]
[SourceDate "2004.05.04"]

1. Nf3 f5 2. e4 e5 3. Nxe5 Qf6 4. d4 d6 5. Nc4 fxe4 6. Nc3 Qg6 7. f3 exf3 8. Qxf3 Nc6 9. d5 Ne5 10. Nxe5 dxe5 11. Bd3 Qf6 12. Qg3 Bd6 13. Ne4 Qf7 14. Rf1 Nf6 15. Bh6 Nxe4 16. Bxe4 Qe7 17. Bg5 Qd7 18. Qh4 Rf8 19. Rxf8+ 1-0

[Event "JUG Team Ch"]
[Site "Zlatibor"]
[Date "1989.??.??"]
[Round "?"]
[White "Djuric, Stefan"]
[Black "Martinovic, Slobodan"]
[Result "0-1"]
[WhiteElo "2475"]
[BlackElo "2460"]
[PlyCount "106"]
[EventDate "1989.??.??"]
[Source "www.chesslib.no"]
[SourceDate "2004.05.04"]

1. Nf3 f5 2. b3 Nf6 3. Bb2 g6 4. Bxf6 exf6 5. g3 d5 6. Bg2 c6 7. O-O Be6 8. d4 Bd6 9. Qc1 Na6 10. c4 Nc7 11. Nbd2 h5 12. Qc2 Qd7 13. c5 Be7 14. e3 g5 15. h4 O-O-O 16. b4 Rdg8 17. a4 f4 18. exf4 gxf4 19. Kh2 Rg7 20. Ra3 Rhg8 21. Ng1 Bf5 22. Qb2 Bd8 23. b5 Ne6 24. a5 cxb5 25. a6 b6 26. Rc1 bxc5 27. dxc5 Bc7 28. Ne2 fxg3+ 29. fxg3 Nf4 30. c6 Qd6 31. Nd4 Bd3 32. Nf1 Rxg3 33. Nxg3 Rxg3 34. Nf5 Rxg2+ 35. Qxg2 Bxf5 36. Qg8+ Bd8 37. Qg3 Bc7 38. Qg8+ Qd8 39. Qxd8+ Kxd8 40. Rf1 Bg4 41. Kg3 Ne6+ 42. Kg2 f5 43. Re1 Ke7 44. Rb3 Kd6 45. Rxb5 Nd4 46. Rb7 Nxc6 47. Re8 f4 48. Rf8 f3+ 49. Kg3 Ba5 50. Rf6+ Kc5 51. Kf2 Bd8 52. Rff7 Bxh4+ 53. Kf1 d4 0-1

[Event "7. Open"]
[Site "?"]
[Date "2005.05.23"]
[Round "4"]
[White "Collas Silvia"]
[Black "Nijboer Friso"]
[Result "1-0"]
[WhiteElo "2381"]
[BlackElo "2553"]
[PlyCount "99"]
[EventDate "2005.??.??"]
[Source "www.chesslib.no"]
[SourceDate "2004.05.04"]

1. Nf3 f5 2. g3 Nf6 3. c4 g6 4. d4 Bg7 5. b4 O-O 6. Bb2 c6 7. Bg2 Ne4 8. Nbd2 a5 9. a3 axb4 10. axb4 Rxa1 11. Qxa1 Qb6 12. O-O Qxb4 13. Ba3 Qb6 14. Bxe7 Re8 15. Rb1 Qa6 16. Qb2 Nxd2 17. Nxd2 Qa5 18. Bb4 Qd8 19. Bd6 Na6 20. e4 fxe4 21. Nxe4 Nc7 22. Qd2 b5 23. Bxc7 Qxc7 24. c5 d5 25. cxd6 Qd8 26. d5 c5 27. Rxb5 Bf5 28. Nxc5 Qxd6 29. h4 h5 30. Nb7 Qd7 31. Qb4 Qe7 32. d6 Qe1+ 33. Qxe1 Rxe1+ 34. Kh2 Bd4 35. Rxf5 gxf5 36. d7 Bf6 37. d8=Q+ Bxd8 38. Nxd8 Kg7 39. Bf3 Kg6 40. Nc6 f4 41. Nb4 fxg3+ 42. fxg3 Kf5 43. Nd5 Rb1 44. Nf4 Ke5 45. Nxh5 Kd4 46. g4 Ke3 47. Kg3 Rg1+ 48. Bg2 Rb1 49. g5 Kd4 50. Nf6 1-0

[Event "Baku"]
[Site "Baku"]
[Date "1983.??.??"]
[Round "?"]
[White "Kirov, Nino"]
[Black "Malaniuk, Vladimir P"]
[Result "0-1"]
[WhiteElo "2445"]
[BlackElo "2485"]
[PlyCount "82"]
[EventDate "1983.11.??"]
[Source "ChessBase"]

1. Nf3 f5 2. d3 d6 3. e4 e5 4. g3 Nf6 5. Bg2 Nc6 6. Nc3 Be7 7. O-O O-O 8. h3 h6 9. Nh4 fxe4 10. dxe4 Qe8 11. Nf5 Bd8 12. Be3 Kh8 13. g4 Nh7 14. Nd5 Rf7 15. Qd2 Bg5 16. b4 Bxe3 17. fxe3 Be6 18. Rf2 a6 19. Raf1 Qd7 20. c4 Raf8 21. Qc3 Nd8 22. c5 Nc6 23. a4 Ng5 24. h4 Nh7 25. b5 axb5 26. axb5 Na7 27. b6 Nb5 28. Qb2 dxc5 29. Qxe5 Bxf5 30. exf5 Re8 31. Qb2 c6 32. Nc3 Nxc3 33. Qxc3 Qd8 34. f6 Rxf6 35. Qxc5 Rxf2 36. Rxf2 Qxh4 37. Qd4 Qe7 38. Qf4 Rf8 39. Qd4 Rd8 40. Qf4 Rd1+ 41. Kh2 Qh4+ 0-1

[Event "Olomouc"]
[Site "?"]
[Date "2004.??.??"]
[Round "?"]
[White "Halkias, S."]
[Black "Grunberg, M._L."]
[Result "1-0"]
[WhiteElo "2530"]
[BlackElo "2400"]
[PlyCount "51"]
[EventDate "2004.??.??"]
[Source "Chess Informant"]
[SourceDate "2004.06.01"]

1. Nf3 f5 2. d3 d6 3. e4 e5 4. Nc3 Nf6 5. exf5 Bxf5 6. d4 Nbd7 7. Bc4 Bg4 8. Be3 e4 9. h3 exf3 10. hxg4 fxg2 11. Rg1 Nb6 12. Bd3 Nfd5 13. Qf3 Nxe3 14. fxe3 Qh4+ 15. Ke2 O-O-O 16. a4 h5 17. a5 Nd7 18. a6 Qxg4 19. axb7+ Kb8 20. Qxg4 hxg4 21. Be4 Rh1 22. Rxh1 gxh1=Q 23. Bxh1 c5 24. Nb5 d5 25. Bxd5 Ne5 26. Be4 1-0

[Event "Andorra"]
[Site "Andorra"]
[Date "1996.??.??"]
[Round "3"]
[White "Lupu, Mircea Sergiu"]
[Black "Yedidia, Jonathan"]
[Result "1-0"]
[WhiteElo "2480"]
[BlackElo "2445"]
[PlyCount "123"]
[EventDate "1996.06.??"]
[Source "ChessBase"]

1. Nf3 f5 2. g3 Nf6 3. Bg2 d6 4. O-O e5 5. c4 Be7 6. Nc3 O-O 7. b3 Nc6 8. d4 e4 9. Ne1 d5 10. Nc2 Nb4 11. Nxb4 Bxb4 12. Bd2 c5 13. Nxd5 Nxd5 14. cxd5 Bxd2 15. Qxd2 Qxd5 16. f3 e3 17. Qxe3 cxd4 18. Qd2 f4 19. Rfd1 Qg5 20. Rac1 Be6 21. Rc7 b6 22. Rdc1 Qe5 23. Re7 Rf6 24. Rcc7 Rg6 25. Bh3 fxg3 26. Bxe6+ Kh8 27. h3 Rxe6 28. Rxg7 Qe3+ 29. Qxe3 Rxe3 30. Rxh7+ Kg8 31. Rcg7+ Kf8 32. Rc7 Kg8 33. Kf1 d3 34. exd3 Rxf3+ 35. Kg2 Rxd3 36. Rcg7+ Kf8 37. Rxa7 Rxa7 38. Rxa7 Ke8 39. Rb7 Rd2+ 40. Kxg3 Rxa2 41. Rxb6 Rb2 42. Re6+ Kf7 43. Re3 Kf6 44. Kf4 Rf2+ 45. Kg4 Rg2+ 46. Rg3 Rb2 47. h4 Kg6 48. Rd3 Rg2+ 49. Kf4 Rh2 50. Ke5 Rxh4 51. Rd4 Rh8 52. Ke6 Rb8 53. b4 Kg5 54. Kd7 Kf5 55. Kc7 Ke5 56. Rh4 Rg8 57. b5 Rg1 58. Rh5+ Ke6 59. Rh6+ Kd5 60. b6 Rg7+ 61. Kb8 Kc5 62. b7 1-0

[Event "Finjub30 IM"]
[Site "Finjub30 IM"]
[Date "1992.??.??"]
[Round "?"]
[White "Malcoci, Victor"]
[Black "Kubach, Gary L"]
[Result "0-1"]
[WhiteElo "2445"]
[BlackElo "2480"]
[PlyCount "104"]
[EventDate "1992.??.??"]
[Source "www.chesslib.no"]
[SourceDate "2004.05.04"]

1. Nf3 f5 2. g3 g6 3. Bg2 Nf6 4. O-O Bg7 5. d3 d6 6. Nbd2 e5 7. e4 O-O 8. c3 Kh8 9. Re1 Nc6 10. Qc2 f4 11. Nf1 Bg4 12. Qb3 Qc8 13. gxf4 exf4 14. d4 Bh3 15. Bxh3 Qxh3 16. N1d2 Rab8 17. Qb5 Rfe8 18. Qf1 Qxf1+ 19. Kxf1 Re7 20. d5 Ne5 21. Nxe5 Rxe5 22. f3 Rh5 23. Re2 g5 24. a4 g4 25. Ra3 Rg8 26. fxg4 Nxg4 27. Nf3 Bh6 28. c4 Ne3+ 29. Bxe3 fxe3 30. Rg2 Re8 31. Rg4 Rf8 32. Kg2 c5 33. a5 Bf4 34. Rb3 Rh6 35. Rxb7 Rhf6 36. Rgg7 Bh6 37. e5 dxe5 38. Rxh7+ Kg8 39. Ne1 Rg6+ 40. Kh3 Rf5 41. Rxh6 Rxh6+ 42. Kg4 Rf4+ 43. Kg5 Rxh2 44. Rxa7 Rf1 45. Ra8+ Kf7 46. Ra7+ Ke8 47. Ra8+ Kd7 48. Ra7+ Kc8 49. Ra8+ Kb7 50. Re8 Rxe1 51. Kf6 Rh5 52. b4 Rf1+ 0-1

[Event "Ivan Zanic Mem, Stara Pazova YUG"]
[Site "?"]
[Date "2001.??.??"]
[Round "1"]
[White "Dimitrov, V."]
[Black "Radulski, J."]
[Result "1/2-1/2"]
[WhiteElo "2495"]
[BlackElo "2430"]
[PlyCount "27"]
[EventDate "2001.??.??"]
[Source "www.chesslib.no"]
[SourceDate "2004.05.04"]

1. Nf3 f5 2. g3 Nf6 3. Bg2 e6 4. d4 d5 5. O-O Bd6 6. b3 Qe7 7. c4 c6 8. Bb2 O-O 9. Qc1 a5 10. Ba3 b5 11. Bxd6 Qxd6 12. Nc3 Ba6 13. c5 Qe7 14. a3 1/2-1/2

[Event "FSGM March"]
[Site "Budapest"]
[Date "2004.03.16"]
[Round "11"]
[White "Fogarasi, Tibor"]
[Black "Hoang Thanh Trang"]
[Result "1/2-1/2"]
[WhiteElo "2477"]
[BlackElo "2447"]
[PlyCount "63"]
[EventDate "2004.03.06"]
[Source "Roberto Alvarez"]
[SourceDate "2004.03.22"]

1. Nf3 f5 2. d3 d6 3. e4 e5 4. Nc3 Nf6 5. exf5 Bxf5 6. d4 e4 7. Nh4 Bd7 8. Bg5 Be7 9. g3 O-O 10. Bc4+ Kh8 11. h3 c6 12. Qd2 b5 13. Be2 Be6 14. a4 b4 15. Nd1 Nbd7 16. Bg4 Nxg4 17. Bxe7 Qxe7 18. hxg4 Kg8 19. Ne3 Nf6 20. Nhf5 Qd7 21. Qxb4 Nxg4 22. Nxg4 Rxf5 23. Ne3 Rf3 24. Rh2 Raf8 25. Ra3 Qf7 26. Qd2 Rb8 27. b3 d5 28. Ra1 Qe7 29. Rd1 Bc8 30. Qc3 Qb4 31. Qxb4 Rxb4 32. Rh5 1/2-1/2

[Event "Montpellier op 7th"]
[Site "?"]
[Date "2000.07.??"]
[Round "3"]
[White "Shchekachev Andrei"]
[Black "Santo Roman Marc"]
[Result "1-0"]
[WhiteElo "2503"]
[BlackElo "2418"]
[PlyCount "62"]
[EventDate "2000.??.??"]
[Source "www.chesslib.no"]
[SourceDate "2004.05.04"]

1. Nf3 f5 2. g3 Nf6 3. c4 g6 4. b4 Bg7 5. Bb2 O-O 6. Bg2 d6 7. d4 Qe8 8. O-O e5 9. dxe5 Ng4 10. c5 dxc5 11. Qd5+ Kh8 12. Qxc5 c6 13. Nbd2 Nd7 14. Qc2 Ndxe5 15. Nd4 Bd7 16. Rfe1 Qe7 17. Qc3 f4 18. Ne4 Rae8 19. a3 a6 20. Qc1 Bh6 21. Qc2 Bg7 22. Nc5 Bc8 23. Qc1 Qg5 24. h3 Nh6 25. Ne4 Qh5 26. gxf4 Bxh3 27. fxe5 Rxe5 28. Ng3 Qg4 29. Nf3 Rh5 30. Nh2 Qh4 31. Bxg7+ Kxg7 1-0

[Event "BL2-Nord 0304"]
[Site "Germany"]
[Date "2004.??.??"]
[Round "?.1"]
[White "Richter, Michael"]
[Black "Danielsen, Henrik"]
[Result "1-0"]
[WhiteElo "2425"]
[BlackElo "2495"]
[PlyCount "68"]
[EventDate "2003.10.??"]
[Source "Roberto Alvarez"]
[SourceDate "2004.07.26"]

1. Nf3 f5 2. d3 d6 3. Bg5 h6 4. Bd2 e5 5. e4 Be7 6. Nc3 Nc6 7. h3 g5 8. exf5 Bxf5 9. Be3 Qd7 10. g4 Bg6 11. Bg2 Nf6 12. d4 O-O-O 13. a3 exd4 14. Nxd4 Nxd4 15. Bxd4 c5 16. Bxf6 Bxf6 17. O-O h5 18. Ne4 Be5 19. Re1 Rde8 20. Bf3 Bxe4 21. Rxe4 Kb8 22. Qd5 hxg4 23. Bxg4 Qe7 24. Rae1 Qf6 25. b4 Ref8 26. R1e2 cxb4 27. Rxb4 Rh7 28. Rc4 a6 29. Rb4 Rc7 30. Kg2 Rff7 31. c4 Qf4 32. Kf1 Bd4 33. c5 Bxc5 34. Rxf4 Rxf4 1-0

[Event "33rd Rilton Cup"]
[Site "Stockholm"]
[Date "2003.12.04"]
[Round "8"]
[White "Seeman, Tarvo"]
[Black "Berg, Emanuel"]
[Result "1-0"]
[WhiteElo "2429"]
[BlackElo "2489"]
[PlyCount "105"]
[EventDate "2003.12.27"]
[Source "Roberto Alvarez"]
[SourceDate "2004.01.05"]

1. Nf3 f5 2. d3 d6 3. e4 e5 4. Nc3 Nf6 5. exf5 Bxf5 6. d4 e4 7. Nh4 Qd7 8. f3 Be7 9. Nxf5 Qxf5 10. Be2 exf3 11. Bxf3 Nc6 12. O-O Qd7 13. Nd5 O-O 14. c3 Nxd5 15. Bxd5+ Kh8 16. Bd2 Rf5 17. Be4 Rxf1+ 18. Qxf1 Rf8 19. Qe2 d5 20. Bc2 g6 21. Bh6 Rf7 22. Re1 a6 23. Bd1 Qf5 24. Qf3 Qf6 25. Qxf6+ Rxf6 26. Bg4 g5 27. Bxg5 Rg6 28. Bxe7 Rxg4 29. h3 Rg6 30. Bh4 Kg7 31. Re8 Kh6 32. Kh2 Rg7 33. Re6+ Kh5 34. Bg3 Kg5 35. Be5 Rf7 36. Bg3 Kf5 37. Re8 Re7 38. Rxe7 Nxe7 39. Bxc7 Ke4 40. g4 Kf3 41. Bd8 Nc8 42. Bc7 Ne7 43. Bb6 Nc8 44. Bc5 b6 45. Bf8 Na7 46. c4 Ke4 47. cxd5 Kxd5 48. Bg7 Nc6 49. h4 Nb4 50. h5 Nxa2 51. g5 Ke6 52. d5+ Kf5 53. g6 1-0

[Event "Budapest FS12 GM-A"]
[Site "Budapest"]
[Date "2001.12.10"]
[Round "10"]
[White "Czebe, Attila"]
[Black "Antal, Gergely"]
[Result "1/2-1/2"]
[WhiteElo "2491"]
[BlackElo "2426"]
[PlyCount "94"]
[EventDate "2001.11.01"]
[Source "ChessBase"]
[SourceDate "2002.03.21"]

1. Nf3 f5 2. d3 d6 3. e4 e5 4. Nc3 Nc6 5. d4 fxe4 6. Ng5 Be7 7. Ncxe4 d5 8. Qf3 Nf6 9. Nxf6+ Bxf6 10. dxe5 Nxe5 11. Qg3 Bf5 12. Be2 h6 13. Nh3 Qd7 14. Nf4 O-O-O 15. O-O Qf7 16. Nh5 Bxc2 17. Bf4 Rhe8 18. Rac1 Be4 19. Qa3 Kb8 20. Bg3 d4 21. Nxf6 gxf6 22. Rfd1 Qe7 23. b4 d3 24. Bf1 Rd4 25. Rc3 Qxb4 26. Qc1 Bc6 27. Rb3 d2 28. Rxb4 dxc1=Q 29. Rbxd4 Qxd1 30. Rxd1 Kc8 31. Be2 Rd8 32. Bf4 Rxd1+ 33. Bxd1 Bd5 34. Bxh6 Bxa2 35. Bg7 Nd7 36. h4 Kd8 37. h5 Ke7 38. h6 Bb1 39. g4 c5 40. f4 c4 41. Kf2 c3 42. f5 Nf8 43. g5 c2 44. gxf6+ Kd7 45. Bxc2 Bxc2 46. Bxf8 Bxf5 47. Bc5 Ke6 1/2-1/2

[Event "UKR Ch"]
[Site "Lvov UKR"]
[Date "1988.??.??"]
[Round "8"]
[White "Kruppa, Yuri"]
[Black "Savchenko, Stanislav"]
[Result "0-1"]
[WhiteElo "2435"]
[BlackElo "2480"]
[PlyCount "62"]
[EventDate "1988.??.??"]
[Source "www.chesslib.no"]
[SourceDate "2004.05.04"]

1. Nf3 f5 2. g3 Nf6 3. Bg2 g6 4. c3 Bg7 5. Qb3 e6 6. d4 O-O 7. Bg5 h6 8. Bxf6 Bxf6 9. Ne5 Bxe5 10. dxe5 Nc6 11. f4 b6 12. Nd2 Bb7 13. e4 Qe7 14. Qb5 a5 15. Qe2 a4 16. Qe3 Na5 17. O-O Qc5 18. Qxc5 bxc5 19. Rfd1 Kf7 20. b4 axb3 21. axb3 Nc6 22. Ra4 Ke7 23. Rc4 d6 24. exd6+ cxd6 25. e5 Rfd8 26. exd6+ Rxd6 27. Rxc5 Ra2 28. Rc4 Na5 29. Rc7+ Kd8 30. Rc5 Bxg2 31. Kxg2 Raxd2+ 0-1

[Event "Lyon Open"]
[Site "Lyon FRA"]
[Date "1995.??.??"]
[Round "5"]
[White "Velikov, Petar V"]
[Black "Santo Roman, Marc"]
[Result "1-0"]
[WhiteElo "2450"]
[BlackElo "2465"]
[PlyCount "61"]
[EventDate "1995.??.??"]
[Source "www.chesslib.no"]
[SourceDate "2004.05.04"]

1. Nf3 f5 2. g3 Nf6 3. Bg2 g6 4. b3 Bg7 5. Bb2 d6 6. d4 a5 7. a3 O-O 8. O-O Ne4 9. Nbd2 Nc6 10. c4 Nxd2 11. Qxd2 e5 12. d5 Nb8 13. b4 axb4 14. axb4 Rxa1 15. Rxa1 Na6 16. Rc1 h6 17. Ne1 Qe8 18. Nd3 e4 19. Bxg7 Kxg7 20. Qb2+ Kh7 21. Ne1 Qe5 22. Rb1 Bd7 23. e3 Ra8 24. Qxe5 dxe5 25. Ra1 Rd8 26. Nc2 Kg7 27. Bf1 Be8 28. Be2 Kf6 29. Kf1 Ke7 30. Ke1 Rd6 31. b5 1-0

[Event "POL Team Ch"]
[Site "Leba"]
[Date "1989.??.??"]
[Round "3"]
[White "Wojtkiewicz, Aleksander"]
[Black "Kuczynski, Robert"]
[Result "1/2-1/2"]
[WhiteElo "2460"]
[BlackElo "2450"]
[PlyCount "87"]
[EventDate "1989.??.??"]
[Source "www.chesslib.no"]
[SourceDate "2004.05.04"]

1. Nf3 f5 2. g3 Nf6 3. Bg2 g6 4. c4 Bg7 5. Nc3 O-O 6. O-O d6 7. Rb1 e5 8. d3 Nh5 9. Bd2 c6 10. b4 Nd7 11. b5 c5 12. Ne1 Ndf6 13. Bg5 h6 14. Bxf6 Nxf6 15. Nd5 Nxd5 16. Bxd5+ Kh7 17. Nf3 Qe7 18. Nd2 Bf6 19. e3 h5 20. Qe2 Kg7 21. h4 Qc7 22. Kg2 Bd7 23. Rb3 Qb6 24. a4 Rae8 25. a5 Qxa5 26. Bxb7 Rb8 27. Bd5 a6 28. Rfb1 axb5 29. cxb5 Rxb5 30. Nc4 Rxb3 31. Rxb3 Qd8 32. Rb7 Kh6 33. Qa2 Bc8 34. Rb6 f4 35. Rxd6 Qe7 36. exf4 exf4 37. Qd2 Bd4 38. Be4 Rf6 39. Rxf6 Qxf6 40. Qxf4+ Qxf4 41. gxf4 Bd7 42. Kg3 Kg7 43. Ne5 Bf5 44. Bxf5 1/2-1/2

[Event "Europa ch 2008"]
[Site "Plovdiv BUL"]
[Date "2008.04.27"]
[Round "7.114"]
[White "Skoberne, Jure"]
[Black "Milchev, Nikolay"]
[Result "1-0"]
[WhiteElo "2492"]
[BlackElo "2415"]
[PlyCount "93"]
[EventDate "2008.04.21"]
[Source "www.chesslib.no"]
[SourceDate "2004.05.04"]

1. Nf3 f5 2. d3 d6 3. e4 e5 4. Nc3 Nf6 5. exf5 Bxf5 6. d4 e4 7. Nh4 Bc8 8. Bg5 Be7 9. Bxf6 Bxf6 10. Qh5+ g6 11. Nxg6 hxg6 12. Qxg6+ Kd7 13. Nd5 Rf8 14. Be2 c5 15. dxc5 Be5 16. O-O-O Qe8 17. Bg4+ Kc6 18. Qxe8+ Rxe8 19. Bxc8 Na6 20. Bf5 Nxc5 21. b4 Na4 22. Rhe1 Rf8 23. Rxe4 b5 24. f4 Bb2+ 25. Kb1 Rae8 26. Be6 Be5 27. Bg4 Nb2 28. Rd2 Nc4 29. Rxc4+ bxc4 30. fxe5 dxe5 31. Nc3 Rb8 32. Bf3+ Kc7 33. a3 a5 34. b5 Kb6 35. Kb2 Rbd8 36. Re2 Rf5 37. Re4 Kc5 38. Be2 Rd4 39. g4 Rf2 40. Rxe5+ Kb6 41. h4 Rh2 42. h5 Rh3 43. g5 Rg3 44. Re6+ Kc7 45. g6 Rh4 46. Rf6 Kd7 47. b6 1-0

[Event "Santa Clara"]
[Site "?"]
[Date "2004.??.??"]
[Round "?"]
[White "Nogueiras, J."]
[Black "Almeida, O."]
[Result "1-0"]
[WhiteElo "2480"]
[BlackElo "2425"]
[PlyCount "83"]
[EventDate "2004.??.??"]
[Source "Chess Informant"]
[SourceDate "2004.02.01"]

1. Nf3 f5 2. d3 Nf6 3. e4 d6 4. Nc3 e5 5. exf5 Bxf5 6. d4 e4 7. Nh4 Bg4 8. Be2 Bxe2 9. Qxe2 d5 10. Bg5 Bb4 11. Qb5+ Nc6 12. Qxb7 Nxd4 13. O-O-O Bxc3 14. bxc3 Rb8 15. Bxf6 gxf6 16. Qxa7 Nc6 17. Qc5 Ne7 18. g4 Qd7 19. Nf5 Nxf5 20. gxf5 Rb5 21. Qa3 Qc6 22. c4 dxc4 23. Rhg1 Qb7 24. Rg7 Rb1+ 25. Kd2 Rxd1+ 26. Kxd1 Kd8 27. Qe7+ Kc8 28. Qe6+ Kb8 29. Rg8+ Rxg8 30. Qxg8+ Ka7 31. Qxc4 Qb1+ 32. Ke2 Qh1 33. Qxc7+ Ka6 34. Qc6+ Ka5 35. Qc5+ Ka6 36. Qa3+ Kb5 37. h3 Kc4 38. Qg3 h5 39. a4 Kd4 40. a5 Qb1 41. Qd6+ Kc4 42. Qc6+ 1-0